Southwestern Ontario Cities - Sudden Death - Statistics

General Stats
  • This quiz has been taken 33 times
    29 since last reset
  • The average score is 15 of 30
Answers on the Grid
Answers color-coded by a green-red scale on the quiz's grid according to % correct below.
Toronto
Windsor
Tillsonburg
Ingersoll
Sudbury
Middlesex Centre
Thames Centre
Niagara Falls
London
Erin
Hamilton
Muskoka Lakes
Thunder Bay
Saugeen Shores
North Perth
Newbury
North Bay
Port Colborne
Dutton/Dunwich
Whitchurch-Stouffville
St. Thomas
St. Mary's
Peterborough
Southwest Middlesex
Kenora
Sarnia
Point Edward
Malahide
Tecumseh
Leamington
Adelaide-Metcalfe
Halton Hills
Orangeville
Owen Sound
Huron Shores
Ottawa
Grey Highlands
Goderich
Perth
South Bruce
Brockton
Dawn-Euphemia
West Perth
Dryden
Kapuskasing
Woodstock
Pickle Lake
Mapleton
Gillies
Rainy River
 
Answer Stats
Answer % Correct
London
89%
Tillsonburg
79%
Windsor
79%
Middlesex Centre
74%
Woodstock
74%
Sarnia
68%
Goderich
63%
Ingersoll
63%
St. Thomas
58%
Tecumseh
58%
Thames Centre
58%
Leamington
53%
Southwest Middlesex
53%
St. Mary's
53%
Dutton/Dunwich
47%
Orangeville
42%
Owen Sound
42%
West Perth
42%
Grey Highlands
37%
North Perth
37%
Adelaide-Metcalfe
32%
Brockton
32%
Dawn-Euphemia
32%
Mapleton
32%
Point Edward
32%
Saugeen Shores
32%
South Bruce
32%
Erin
26%
Newbury
26%
Malahide
21%
No matching quizzes found
Score Distribution
Percent of People with Each Score
Percentile by Number Answered
Your Score History
You have not taken this quiz since the last reset